000 00325 a2200157 4500
001 177382
020 _a
040 _cMagnum
100 _aMarques, Amadeu
240 1 0 _aPassword: english/v.2
_lING
245 1 0 _aPassword: english/v.2
362 0 _a1899
440 1 _aÁtica
697 _aMAGNITO: INGLES
942 _cBK
999 _c177382
_d177382